000 01232nam a22002177a 4500
999 _c35547
_d35547
003 OSt
005 20250108194305.0
008 250107b ||||| |||| 00| 0 eng d
040 _cBCRI
082 _a610.72
100 _948981
_aLeiva Gómez, Karina Emperatriz
245 _aConocimiento que poseen las mujeres embarazadas de 20 a 35 años, que asisten a sus controles prenatales en la Unidad de Salud Especializada de Ilobasco, sobre el riesgo de padecer infecciones en vías urinarias en el embarazo, en el periodo de enero a junio 2024.
_b: Informe final de investigación
_cKarina Emperatriz Leiva Gómez, Saraí Guadalupe Rodríguez Palacios, Xenia Elizabeth Sánchez Paz
260 _aIlobasco, Cabañas
_bUniversidad Católica de El Salvador
_c2024
300 _a74 h.
_bil.
_c27 cm.
_eVersión digital en USB
502 _aTrabajo de graduación para optar al grado académico de Licenciadas en Enfermería.
650 0 _914936
_aEnfermería
_xInvestigación
700 _948982
_aRodríguez Palacios, Saraí Guadalupe
700 _948983
_aSánchez Paz, Xenia Elizabeth
710 _940915
_aUniversidad Católica de El Salvador
_bCentro Regional de Ilobasco
_bFacultad Multidisciplinaria
942 _2ddc
_cTG
_hprozim